000 00758nam a2200217 i 4500
001 161317
003 ES-MaACL
005 20251004063211.0
008 041015s1899 pe |||| | spa d
040 _aCAM
_bspa
_cCAM
100 1 _aPalma, Ricardo,
_d1833-1919
_988616
245 1 0 _aTradiciones y artículos históricos /
_cpor Ricardo Palma.
260 _aLima :
_b[s.n.],
_c1899 (
_fImp. Torres Aguirre)
300 _aXXIII, 277 p. ;
_c22 cm.
530 _aDisponible en formato digital.
650 4 _aLeyendas-
_zPerú.
_915115
651 4 _aPerú-
_xHistoria.
_99224
852 _aES-MaACL
_jF-5544
_z-- Enc. hol.
856 _uhttp://bdh-rd.bne.es/viewer.vm?id=0000187498&page=1
_zBiblioteca Digital Hispánica
999 _c161317
_d161317